000 00599cam a22002411 4500
001 sa 68000788
003 DLC
005 20260227112427.0
008 890720s1967 ii ab b 000 0 beno
010 _asa 68000788
035 _a(OCoLC)20042902
040 _aDLC
_cWaU
_dDLC
042 _apremarc
043 _aah-----
050 0 0 _aDS485.H6
_bB32
100 1 _aBasu, Sukumar,
_d1895-
245 1 0 _aHimālaẏa.
260 _c[1967]
300 _a9, 210 p.
_billus., fold. map.
_c23 cm.
500 _aIn Bengali.
504 _aBibliography: p. [199]-200.
651 0 _aHimalaya Mountains.
999 _c77452
_d77452